|
|
|
|
| LEADER |
01076nam a2200265 a 4500 |
| 001 |
12014210 |
| 008 |
091123s2001 nyua b 001 0 eng d |
| 010 |
|
|
|a \\\00042295
|
| 020 |
|
|
|a 0471331848 (cloth : alk. paper)
|
| 040 |
|
|
|a DLC
|c DLC
|d DLC
|
| 082 |
0 |
0 |
|a 330/.01/5195
|2 21
|
| 100 |
1 |
|
|a Hill, R. Carter.
|
| 245 |
1 |
0 |
|a Undergraduate econometrics /
|c R. Carter Hill, William E. Griffiths, George G. Judge.
|
| 250 |
|
|
|a 2nd ed.
|
| 260 |
|
|
|a New York :
|b Wiley,
|c c2001.
|
| 300 |
|
|
|a xvi, 402 p. :
|b ill. ;
|c 26 cm.
|
| 500 |
|
|
|a A multi-media instructional package, including Web sites, is available to supplement the text.
|
| 504 |
|
|
|a Includes bibliographical references (p. 386-388) and index.
|
| 541 |
1 |
|
|e 00018508
|
| 650 |
|
0 |
|a Econometrics.
|
| 700 |
1 |
|
|a Griffiths, William E.
|
| 700 |
1 |
|
|a Judge, George G.
|
| 852 |
4 |
|
|a Ayesha Abed Library
|j General shelf
|
| 999 |
|
|
|c 5822
|d 5822
|
| 952 |
|
|
|0 0
|1 0
|2 ddc
|4 0
|6 330_015195000000000_HIL_2001
|7 0
|9 5785
|a BRACUL
|b BRACUL
|c GEN
|d 2009-11-23
|g 8189.00
|l 3
|m 11
|o 330.015195 HIL
|p 3010018508
|r 2014-08-12
|s 2014-03-24
|t 1
|v 16378.00
|w 2009-11-23
|y BK
|